Statistics for Most-Viewed YouTube Videos Over Time

Click here to take the quiz!

General Stats

  • This quiz has been taken 74 times
    (63 since last reset)
  • The average score is 5 of 17

Answer Stats

Date AchievedAnswerUploader% Correct
July 16, 2010BabyJustin Bieber
91%
August 4, 2017DespacitoLuis Fonsi
84%
November 24, 2012Gangnam StylePSY
79%
November 2, 2020Baby Shark DancePinkfong
70%
July 10, 2017See You AgainWiz Khalifa
53%
April 14, 2010Bad RomanceLady Gaga
46%
April 23, 2005Me at the zoojawed
46%
May 2, 2009Evolution of DanceJudson Laipply
12%
October 25, 2009Charlie Bit My FingerHDCYT
11%
March 12, 2006Pokemon Theme Music VideoSmosh
9%
July 17, 2008GirlfriendRCA Records
5%
March 1, 2008Music Is My Hot Hot SexCLARUSBARTEL72
4%
February 18, 2006MySpace - The Movieeggtea
4%
January 21, 2006Phony Photo Boothmugenized
4%
October 31, 2005Ronaldinho: Touch of GoldNikesoccer
4%
October 29, 2005I/O Brushlarfus
2%
January 9, 2006The Chronic of Narnia Rapyoutubedude
2%

Score Distribution

Percentile by Number Answered

Percent of People with Each Score

Your Score History

You have not taken this quiz since the last reset